|
|
|
|
| LEADER |
00000nam0a2200000 4500 |
| 001 |
111526 |
| 005 |
20231101215013.0 |
| 010 |
|
|
|a 5958400371
|
| 035 |
|
|
|a (RuTPU)RU\TPU\book\120456
|
| 090 |
|
|
|a 111526
|
| 100 |
|
|
|a 20070316d2004 m y0rusy50 ca
|
| 101 |
0 |
|
|a rus
|
| 102 |
|
|
|a RU
|
| 105 |
|
|
|a y j 011zy
|
| 200 |
1 |
|
|a Экологическое право: конституционные основы
|e учебное пособие для вузов
|f А. О. Миняев
|g Московский государственный университет им. М. В. Ломоносова (МГУ), Юридический факультет
|
| 210 |
|
|
|a Москва
|c Городец-издат
|d 2004
|
| 215 |
|
|
|a 352 с.
|
| 300 |
|
|
|a К 250-летию Московского государственного университета им. М. В. Ломоносова.
|
| 320 |
|
|
|a Библиография в конце глав.
|
| 330 |
|
|
|a Настоящее учебное пособие посвящено проблеме конституционных основ экологического права, в том числе вопросам истории развития конституционных основ экологического права, реализации конституционных положений в экологическом законодательстве, практики Конституционного Суда РФ в сфере экологических отношений. В приложениях к пособию содержатся извлечения из текста Конституции России, тексты постановлений и определений Конституционного Суда РФ по вопросам охраны окружающей среды, обеспечения экологической безопасности, охраны и рационального использования природных ресурсов. Для студентов, аспирантов, преподавателей юридических факультетов и вузов, депутатов, работников государственных органов, руководителей организаций и предпринимателей, широкого круга читателей, интересующихся вопросами правового регулирования охраны окружающей среды, рационального использования природных ресурсов и обеспечения экологической безопасности человека и других объектов (общества, государства).
|
| 606 |
1 |
|
|a Экологическое право
|2 stltpush
|3 (RuTPU)RU\TPU\subj\26534
|9 50439
|
| 610 |
1 |
|
|a право
|
| 610 |
1 |
|
|a конституционные основы
|
| 610 |
1 |
|
|a теория
|
| 610 |
1 |
|
|a история
|
| 610 |
1 |
|
|a экологические отношения
|
| 610 |
1 |
|
|a конституционные нормы
|
| 610 |
1 |
|
|a экологическое законодательство
|
| 610 |
1 |
|
|a Российская Федерация
|
| 686 |
|
|
|a Х625я73
|v LBC/SL-A
|2 rubbk
|
| 700 |
|
1 |
|a Миняев
|b А. О.
|g Андрей Олегович
|
| 712 |
0 |
2 |
|a Московский государственный университет им. М. В. Ломоносова (МГУ)
|b Юридический факультет
|2 stltpush
|3 (RuTPU)RU\TPU\col\7
|
| 801 |
|
1 |
|a RU
|b 63413507
|c 20070316
|g PSBO
|
| 801 |
|
2 |
|a RU
|b 63413507
|c 20211011
|g PSBO
|
| 942 |
|
|
|c BK
|